| 000 | 01215nas a2200301 a 4500 | ||
|---|---|---|---|
| 003 | DO-SdBNP | ||
| 005 | 20250415100134.0 | ||
| 007 | ta | ||
| 008 | 25313 e2009 dr ||ro || |ospa || | | ||
| 011 | _a | ||
| 022 | _a2075-0145 | ||
| 040 |
_aDO-SdBNP _bspa _cDO-SdBNP _dBNPHU _erda |
||
| 041 | _hspa | ||
| 110 | 2 |
_aArchivo General de la Nación (República Dominicana) _985400 |
|
| 245 |
_aMemorias de quisqueya : (MQ) / _cArchivo General de la Nación (R.D.) |
||
| 264 |
_aSanto Domingo, República Dominicana : _bArchivo General de la Nación (R.D.), _c2009. |
||
| 300 |
_avolumen : _bilustraciones, fotografías ; _c28 cm. |
||
| 310 | _aTrimestral | ||
| 336 |
_atexto _btxt _2rdacontent |
||
| 337 |
_asin mediación _bn _2rdamedia |
||
| 338 |
_avolumen _bnc _2rdacarrier |
||
| 362 | _aAño: 2009; Número: 1. | ||
| 520 | _aRevista educativa del Archivo General de la Nación, el Ministerio de Educación y el Instituto Superior de Formación Docente Salomé Ureña. | ||
| 650 |
_92084 _aEducación _vPublicación periódica _zRepública Dominicana |
||
| 650 |
_950428 _aPatrimonio documental _vPublicación periódica _xEducación |
||
| 651 | _zRepública Dominicana | ||
| 942 |
_2ddc _cISSUE |
||
| 999 |
_c58418 _d58418 |
||